ბათუმის შოთა რუსთაველის სახელმწიფო უნივერსიტეტის ბიბლიოთეკა

ბედნიერების კვალდაკვალ : (ბიბ.ჩანაწერი № 60645)

000 -ლიდერი
ფიქსირებული სიგრძის საკონტროლო ველი 01129nam a22002177a 4500
003 - საკონტროლო ნომრის იდენტიფიკატორი
საკონტროლო ველი Ge_BSU
005 - ბოლო ოპერაციის თარიღი და დრო
საკონტროლო ველი 20230928144602.0
008 - ფიქსირებული სიგრძის მონაცემთა ელემენტები - ზოგადი ინფორმაცია
ფიქსირებული სიგრძის საკონტროლო ველი 230928s2009 ge ||||| |||| 00| 0 geo d
020 ## - წიგნის საერთაშორისო სტანდარტული ნომერი
International Standard Book Number 9789941904875
041 ## - ენის კოდი
Language code of text/sound track or separate title geo
080 ## - უნივერსალური ათობითი კლასიფიკაციის ინდექსი
Universal Decimal Classification number 821.112.2-34 რ-75
100 ## - მთავარი ჩანაწერი - პიროვნების სახელი
Personal name როთფუსი, ული
9 (RLIN) 19942
245 ## - ცნობა სათაურის შესახებ
Title ბედნიერების კვალდაკვალ :
Remainder of title [ზღაპარი] /
Statement of responsibility, etc ული როთფუსი ; გერმ. თარგმნა გელა კობიაშვილმა ; [გარეკანის მხატვრობა დიტერ ჰუტმახერი].
264 ## - წარმოების, გამოცემის, დისტრიბუციის და სხვა ცნობები
გამოცემის, წარმოების, დისტრიბუციის... ადგილი თბილისი :
გამოცემის, წარმოების, დისტრიბუციის... სახელწოდება პოლილოგი,
გამოცემის, წარმოების, დისტრიბუციის... თარიღი 2009.
300 ## - ფიზიკური აღწერა
Extent 36გვ. ;
Other physical details 21 სმ.
500 ## - ზოგადი შენიშვნა
General note ზღაპრის გერმ. გამოც. სათ.: Bist du der Elch? Auf der Spur des Glucks.
653 ## - INDEX TERM--UNCONTROLLED
Uncontrolled term ზღაპარი
700 ## - ADDED ENTRY--PERSONAL NAME
Personal name კობიაშვილი, გელა
Relator term მთარგმნელი
9 (RLIN) 19943
700 ## - ADDED ENTRY--PERSONAL NAME
Personal name ჰუტმახერი, დიტერ
Relator term მხატვარი
9 (RLIN) 19944
942 ## - ADDED ENTRY ELEMENTS (KOHA)
Source of classification or shelving scheme
Koha item type წიგნი
ეგზემპლარები
ჩამოწერის სტატუსი დაკარგული ეგზემპლარის სტატუსი კლასიფიკაციის წყარო ან თაროზე გაწყობის სქემა დაზიანების სტატუსი არ გაიცემა მუდმივი მდებარეობა (დაცვის ადგილი) ამჟამინდელი ადგილსამყოფელი თაროზე განთავსების ადგილი შეძენის თარიღი ღირებულება, შესყიდვის ნორმალური ფასი სრული შენახვის შიფრი შტრიხკოდი ბოლო ოპერაციის თარიღი ეგზემპლარის მიმდევრობითი ნომერი (კეტერი?) ფასის ძალაში შესვლის თარიღი ეგზემპლარის სახეობა საჯარო შენიშვნა
          ბათუმის შოთა რუსთაველის სახელმწიფო უნივერსიტეტის მთავარი ბიბლიოთეკა ბათუმის შოთა რუსთაველის სახელმწიფო უნივერსიტეტის მთავარი ბიბლიოთეკა წიგნსაცავი 2023-09-28 3.00 821.112.2-34 რ-75 29758 2023-09-28 29758 2023-09-28 წიგნი 3 ლ.